[Event "Hanoi GM 11"]
[Site "Hanoi"]
[Date "2023.12.03"]
[Round "8"]
[White "Bui, Vinh"]
[Black "Cao, Sang"]
[Result "1/2-1/2"]
[WhiteElo "2390"]
[BlackElo "2376"]
[PlyCount "43"]
[EventDate "2023.11.29"]
[EventType "tourn"]
[EventRounds "9"]
[EventCountry "VIE"]
[EventCategory "6"]
[SourceTitle "CB50_2023"]
[SourceDate "2023.12.13"]
[SourceVersion "1"]
[SourceVersionDate "2023.12.13"]
[SourceQuality "1"]

1. d4 Nf6 2. c4 e6 3. Nc3 Bb4 4. Qc2 0-0 5. a3 Bxc3+ 6. Qxc3 b6 7. Bg5 Bb7 8. Nf3 d6 9. e3 Nbd7 10. Be2 c5 11. dxc5 bxc5 12. Qc2 Qb6 13. 0-0 Be4 14. Qc3 Bb7 15. Qc2 Be4 16. Qc3 Bb7 17. Qc2 Ne4 18. Bf4 Ndf6 19. Nd2 e5 20. Bg3 Nxd2 21. Qxd2 Ne4 22. Qc2 1/2-1/2

[Event "Hanoi GM 11"]
[Site "Hanoi"]
[Date "2023.12.03"]
[Round "7"]
[White "Laohawirapap, Prin"]
[Black "Bui, Vinh"]
[Result "1-0"]
[WhiteElo "2329"]
[BlackElo "2390"]
[PlyCount "101"]
[EventDate "2023.11.29"]
[EventType "tourn"]
[EventRounds "9"]
[EventCountry "VIE"]
[EventCategory "6"]
[SourceTitle "CB50_2023"]
[SourceDate "2023.12.13"]
[SourceVersion "1"]
[SourceVersionDate "2023.12.13"]
[SourceQuality "1"]

1. e4 e5 2. Nf3 Nc6 3. Bc4 Bc5 4. c3 Nf6 5. d4 exd4 6. e5 d5 7. Bb5 Ne4 8. cxd4 Bb6 9. Nc3 0-0 10. Be3 Nxc3 11. bxc3 f6 12. exf6 Qxf6 13. 0-0 Bg4 14. Be2 Rae8 15. h3 Bxf3 16. Bxf3 Ne7 17. Qd2 c6 18. Bg4 Nf5 19. Bf4 Nd6 20. Bxd6 Qxd6 21. Rae1 Ba5 22. Bd1 g6 23. g3 Kg7 24. h4 c5 25. h5 c4 26. Ba4 Rxe1 27. Rxe1 Qf6 28. h6+ Kg8 29. Re3 a6 30. Bd7 Qg5 31. Be6+ Kh8 32. Rf3 Qd8 33. Rxf8+ Qxf8 34. Qg5 Bc7 35. Qxd5 b5 36. a4 bxa4 37. Qxc4 Bd8 38. Qxa4 Bg5 39. Qxa6 Bxh6 40. c4 Bg7 41. Qa7 Bf6 42. Qd7 Qd8 43. Qxd8+ Bxd8 44. Kg2 Bf6 45. d5 Be7 46. Kf3 Bc5 47. Ke4 Bxf2 48. d6 Kg7 49. Kd5 Kf8 50. c5 Ke8 51. c6 1-0

[Event "Hanoi GM 11"]
[Site "Hanoi"]
[Date "2023.11.30"]
[Round "3"]
[White "Bui, Vinh"]
[Black "Murshed, Niaz"]
[Result "1/2-1/2"]
[WhiteElo "2390"]
[BlackElo "2363"]
[PlyCount "41"]
[EventDate "2023.11.29"]
[EventType "tourn"]
[EventRounds "9"]
[EventCountry "VIE"]
[EventCategory "6"]
[SourceTitle "CB50_2023"]
[SourceDate "2023.12.13"]
[SourceVersion "1"]
[SourceVersionDate "2023.12.13"]
[SourceQuality "1"]

1. d4 Nf6 2. c4 e6 3. Nf3 d5 4. Nc3 Be7 5. Bg5 h6 6. Bh4 0-0 7. e3 b6 8. cxd5 Nxd5 9. Bxe7 Qxe7 10. Nxd5 exd5 11. Be2 Be6 12. 0-0 c5 13. Qa4 Qb7 14. dxc5 bxc5 15. Qb5 Qc7 16. b4 c4 17. Nd4 Nd7 18. Qa6 Rfe8 19. Rfd1 Nf6 20. Rac1 Rab8 21. a3 1/2-1/2

[Event "Johor op-A 7th"]
[Site "Johor"]
[Date "2022.12.30"]
[Round "7"]
[White "Bui, Vinh"]
[Black "Xie, Kaifan"]
[Result "1-0"]
[WhiteElo "2403"]
[BlackElo "2123"]
[PlyCount "93"]
[EventDate "2022.12.26"]
[EventType "swiss"]
[EventRounds "9"]
[EventCountry "MAS"]
[SourceTitle "CBM 212 Extra"]
[Source "ChessBase"]
[SourceDate "2023.03.31"]
[SourceVersion "1"]
[SourceVersionDate "2023.03.31"]
[SourceQuality "1"]

1. d4 Nf6 2. Bg5 d5 3. Bxf6 gxf6 4. e3 c5 5. c4 cxd4 6. exd4 Nc6 7. Nc3 dxc4 8. d5 Ne5 9. Bxc4 Nxc4 10. Qa4+ Qd7 11. Qxc4 Qg4 12. Qb5+ Bd7 13. Qxb7 Rc8 14. Nge2 Qxg2 15. Rg1 Qxh2 16. Qxa7 Bh6 17. Rd1 Bf4 18. Qd4 Be5 19. Qe3 Rb8 20. Rd2 Rb4 21. f3 h5 22. a3 Rc4 23. Ne4 Qh4+ 24. Kd1 f5 25. N4c3 Qf6 26. f4 Bd6 27. Qd3 Rc5 28. Nd4 Bxf4 29. Rdg2 Rf8 30. Nf3 h4 31. Re1 Bg3 32. Re3 f4 33. Re5 Qg6 34. Qd4 Rc8 35. Rge2 e6 36. dxe6 fxe6 37. Qd6 Rf6 38. Rd2 Rd8 39. Kc1 Rf7 40. Rg5 Qh7 41. Re5 Re7 42. Ne4 Kf8 43. Neg5 Rc8+ 44. Rc5 Rxc5+ 45. Qxc5 Qf5 46. Ne5 Be8 47. Rd8 1-0

[Event "Johor op-A 7th"]
[Site "Johor"]
[Date "2022.12.26"]
[Round "1"]
[White "Bui, Vinh"]
[Black "Banh, Gia Huy"]
[Result "1/2-1/2"]
[WhiteElo "2403"]
[BlackElo "2146"]
[PlyCount "37"]
[EventDate "2022.12.26"]
[EventType "swiss"]
[EventRounds "9"]
[EventCountry "MAS"]
[SourceTitle "CBM 212 Extra"]
[Source "ChessBase"]
[SourceDate "2023.03.31"]
[SourceVersion "1"]
[SourceVersionDate "2023.03.31"]
[SourceQuality "1"]

1. d4 Nf6 2. c4 e6 3. Nc3 Bb4 4. Nf3 b6 5. Bg5 Bb7 6. e3 0-0 7. Bd3 d6 8. 0-0 Bxc3 9. bxc3 h6 10. Bh4 Nbd7 11. Nd2 Qe7 12. f4 e5 13. fxe5 dxe5 14. Ne4 Bxe4 15. Bxe4 Rad8 16. Bf5 exd4 17. exd4 Qe3+ 18. Kh1 Ne5 19. Qb3 1/2-1/2

[Event "Hanoi HD Bank op-A 8th"]
[Site "Hanoi"]
[Date "2018.03.15"]
[Round "9"]
[White "Karthikeyan, Pandian"]
[Black "Bui, Vinh"]
[Result "1/2-1/2"]
[WhiteElo "2473"]
[BlackElo "2400"]
[PlyCount "58"]
[EventDate "2018.03.10"]
[EventType "swiss"]
[EventRounds "9"]
[EventCountry "VIE"]
[SourceTitle "CBM 183 Extra"]
[Source "ChessBase"]
[SourceDate "2018.04.19"]
[SourceVersion "1"]
[SourceVersionDate "2018.04.19"]
[SourceQuality "1"]

1. d4 d5 2. c4 c6 3. Nc3 Nf6 4. e3 a6 5. Qc2 g6 6. Bd3 Bg7 7. Nf3 0-0 8. 0-0 b5 9. b3 Nbd7 10. e4 bxc4 11. bxc4 dxe4 12. Nxe4 c5 13. Be3 Ng4 14. Rad1 Nxe3 15. fxe3 Qc7 16. Qf2 cxd4 17. exd4 Nf6 18. Qh4 Bf5 19. Nfg5 Bxe4 20. Rxf6 h6 21. Rxf7 Bxd4+ 22. Kh1 Bxd3 23. Qxd4 Rxf7 24. Nxf7 Qxc4 25. Qh8+ Kxf7 26. Qxa8 Be4 27. Qd8 Bxg2+ 28. Kxg2 Qe2+ 29. Kg1 Qe3+ 1/2-1/2

[Event "Hanoi HD Bank op-A 8th"]
[Site "Hanoi"]
[Date "2018.03.14"]
[Round "8"]
[White "Bui, Vinh"]
[Black "Nandhidhaa, PV."]
[Result "1-0"]
[WhiteElo "2400"]
[BlackElo "2261"]
[PlyCount "56"]
[EventDate "2018.03.10"]
[EventType "swiss"]
[EventRounds "9"]
[EventCountry "VIE"]
[SourceTitle "CBM 183 Extra"]
[Source "ChessBase"]
[SourceDate "2018.04.19"]
[SourceVersion "1"]
[SourceVersionDate "2018.04.19"]
[SourceQuality "1"]

1. d4 Nf6 2. Bg5 d5 3. e3 e6 4. Nd2 Be7 5. Bd3 c5 6. c3 Nbd7 7. f4 b6 8. Nh3 Bb7 9. Qf3 h6 10. Bxf6 Nxf6 11. Nf2 Rc8 12. g4 Qc7 13. h4 Nd7 14. h5 a6 15. 0-0 b5 16. Qh3 cxd4 17. cxd4 Nf6 18. Qg2 0-0 19. Nh3 Kh8 20. Nf3 Ne4 21. Kh1 Bd6 22. g5 hxg5 23. Nhxg5 Nxg5 24. Qxg5 Qe7 25. Qg3 Qf6 26. Rg1 Qh6 27. Rg2 Rc7 28. Rag1 Rfc8 1-0

[Event "Hanoi HD Bank op-A 8th"]
[Site "Hanoi"]
[Date "2018.03.12"]
[Round "4"]
[White "Bui, Vinh"]
[Black "Rozum, Ivan"]
[Result "1/2-1/2"]
[WhiteElo "2400"]
[BlackElo "2582"]
[PlyCount "42"]
[EventDate "2018.03.10"]
[EventType "swiss"]
[EventRounds "9"]
[EventCountry "VIE"]
[SourceTitle "CBM 183 Extra"]
[Source "ChessBase"]
[SourceDate "2018.04.19"]
[SourceVersion "1"]
[SourceVersionDate "2018.04.19"]
[SourceQuality "1"]

1. d4 Nf6 2. Bg5 Ne4 3. Bf4 c5 4. f3 Nf6 5. d5 Nh5 6. Be3 e5 7. Qd2 d6 8. g4 Nf4 9. h4 Be7 10. Bf2 h5 11. g5 Ng6 12. e3 f5 13. c4 0-0 14. Nc3 f4 15. e4 Na6 16. a3 Bd7 17. Nge2 Nc7 18. b4 b6 19. Nc1 a5 20. b5 Ra7 21. N1e2 Na8 1/2-1/2

[Event "Hanoi HD Bank op-A 8th"]
[Site "Hanoi"]
[Date "2018.03.12"]
[Round "5"]
[White "Deepan Chakkravarthy, J."]
[Black "Bui, Vinh"]
[Result "0-1"]
[WhiteElo "2520"]
[BlackElo "2400"]
[PlyCount "108"]
[EventDate "2018.03.10"]
[EventType "swiss"]
[EventRounds "9"]
[EventCountry "VIE"]
[SourceTitle "CBM 183 Extra"]
[Source "ChessBase"]
[SourceDate "2018.04.19"]
[SourceVersion "1"]
[SourceVersionDate "2018.04.19"]
[SourceQuality "1"]

1. e4 c5 2. Nf3 e6 3. d4 cxd4 4. Nxd4 a6 5. Bd3 Bc5 6. Nb3 Be7 7. 0-0 d6 8. c4 Nd7 9. Nc3 Ngf6 10. f4 b6 11. Qe2 Qc7 12. Bd2 Bb7 13. Rae1 g6 14. e5 Nh5 15. exd6 Bxd6 16. Nd5 Qb8 17. g4 Ng7 18. Qf2 b5 19. Nb6 Nxb6 20. Qxb6 bxc4 21. Bxc4 0-0 22. Na5 Bd5 23. Qxb8 Raxb8 24. Bxd5 exd5 25. b3 Rfc8 26. Rc1 f5 27. Nc6 Ra8 28. h3 Ne6 29. b4 Rf8 30. Rce1 Rae8 31. a4 fxg4 32. hxg4 Nc7 33. f5 gxf5 34. Rxf5 Rxe1+ 35. Bxe1 Rxf5 36. gxf5 Kf7 37. Bc3 Ne8 38. Kg2 Ng7 39. Nd8+ Ke8 40. f6 Nf5 41. Ne6 Kf7 42. Nd8+ Kg6 43. Nb7 Bf8 44. b5 axb5 45. a5 b4 46. Bb2 Nd6 47. Nxd6 Bxd6 48. Bd4 b3 49. a6 Bb8 50. Kf3 h5 51. Ke2 h4 52. Kd3 h3 53. Be5 b2 54. Kc2 Bxe5 0-1

[Event "Hanoi HD Bank op-A 8th"]
[Site "Hanoi"]
[Date "2018.03.11"]
[Round "3"]
[White "Nguyen, Phuoc Tam"]
[Black "Bui, Vinh"]
[Result "0-1"]
[WhiteElo "2169"]
[BlackElo "2400"]
[PlyCount "59"]
[EventDate "2018.03.10"]
[EventType "swiss"]
[EventRounds "9"]
[EventCountry "VIE"]
[SourceTitle "CBM 183 Extra"]
[Source "ChessBase"]
[SourceDate "2018.04.19"]
[SourceVersion "1"]
[SourceVersionDate "2018.04.19"]
[SourceQuality "1"]

1. g3 e5 2. Bg2 Nf6 3. d3 d5 4. a3 a5 5. Nd2 Be7 6. e4 dxe4 7. dxe4 0-0 8. Ngf3 Nbd7 9. 0-0 c6 10. b3 Qc7 11. Bb2 Re8 12. Qe2 b6 13. Nh4 Bc5 14. Kh1 Bd4 15. Bxd4 exd4 16. f4 Ba6 17. Nc4 Nxe4 18. Bxe4 Nf6 19. Bxh7+ Nxh7 20. Qd3 Nf8 21. Rae1 c5 22. h3 b5 23. Ne5 b4 24. Nc4 bxa3 25. Nf3 a4 26. Nfe5 axb3 27. Qxb3 Reb8 28. Qd3 a2 29. Kh2 Nd7 30. Ra1 0-1

[Event "Hanoi HD Bank op-A 8th"]
[Site "Hanoi"]
[Date "2018.03.10"]
[Round "2"]
[White "Bui, Vinh"]
[Black "Zhao, Jun"]
[Result "0-1"]
[WhiteElo "2400"]
[BlackElo "2599"]
[PlyCount "110"]
[EventDate "2018.03.10"]
[EventType "swiss"]
[EventRounds "9"]
[EventCountry "VIE"]
[SourceTitle "CBM 183 Extra"]
[Source "ChessBase"]
[SourceDate "2018.04.19"]
[SourceVersion "1"]
[SourceVersionDate "2018.04.19"]
[SourceQuality "1"]

1. d4 Nf6 2. Bg5 g6 3. Bxf6 exf6 4. e3 Bg7 5. Nf3 0-0 6. Be2 f5 7. 0-0 d6 8. c4 Nd7 9. Nc3 Re8 10. Qc2 b6 11. Rad1 Bb7 12. Nd2 Nf6 13. Bf3 Bxf3 14. Nxf3 Qd7 15. b4 h5 16. a3 a6 17. c5 Ne4 18. Nd2 Nxc3 19. Qxc3 dxc5 20. bxc5 f4 21. c6 Qd6 22. Nf3 fxe3 23. fxe3 Qd5 24. Ne5 Re7 25. Rd2 Rae8 26. Rdf2 Bxe5 27. dxe5 Rxe5 28. Rxf7 Qxf7 29. Rxf7 Kxf7 30. Qc4+ R8e6 31. Qxa6 Rxc6 32. Qc8 Re7 33. Qh8 Rce6 34. Kf2 Rxe3 35. Qh7+ Kf6 36. Qh8+ Kf7 37. Qh7+ Kf6 38. Qh8+ Kg5 39. h4+ Kxh4 40. Qf6+ g5 41. Qf5 Rxa3 42. Kg1 Rg3 43. Qd5 Rge3 44. Qf5 R7e4 45. Kh2 Rf4 46. Qd7 Rg3 47. Qe8 Rfg4 48. Kh1 c5 49. Qd8 b5 50. Qd5 b4 51. Qxc5 b3 52. Qf2 Rf4 53. Qb2 Rc4 54. Qe2 Rc1+ 55. Kh2 Rxg2+ 0-1

[Event "Laos op"]
[Site "Vientiane"]
[Date "2018.01.07"]
[Round "9"]
[White "Bui, Vinh"]
[Black "Ferriol, Gerald"]
[Result "1-0"]
[WhiteElo "2408"]
[BlackElo "1932"]
[PlyCount "73"]
[EventDate "2018.01.03"]
[EventType "swiss"]
[EventRounds "9"]
[EventCountry "LAO"]
[SourceTitle "CBM 182 Extra"]
[Source "ChessBase"]
[SourceDate "2018.02.23"]
[SourceVersion "1"]
[SourceVersionDate "2018.02.23"]
[SourceQuality "1"]

1. d4 e6 2. Nf3 d5 3. c4 c6 4. e3 Nf6 5. Bd3 Nbd7 6. 0-0 b6 7. Nc3 Bb7 8. Qe2 Be7 9. Rd1 0-0 10. b3 Qc7 11. Bb2 c5 12. cxd5 cxd4 13. Nb5 Qb8 14. dxe6 fxe6 15. Nbxd4 e5 16. Nf5 Bc5 17. Bc4+ Kh8 18. Ng5 Qe8 19. Nd6 Bxd6 20. Rxd6 Qg6 21. f4 exf4 22. exf4 h6 23. Bd3 Qe8 24. Ne6 Qe7 25. Be5 Rfe8 26. Rd1 Qf7 27. Bc4 b5 28. Ng5 Qg6 29. Nf7+ Kg8 30. Nxh6+ Kf8 31. Rxd7 Nxd7 32. Rxd7 gxh6 33. Rf7+ Qxf7 34. Bxf7 Kxf7 35. Qh5+ Ke7 36. Qxh6 Bd5 37. Qd6+ 1-0

[Event "Laos op"]
[Site "Vientiane"]
[Date "2018.01.04"]
[Round "2"]
[White "Bui, Vinh"]
[Black "Wiwatanadate, Poompong"]
[Result "1-0"]
[WhiteElo "2408"]
[BlackElo "1992"]
[PlyCount "171"]
[EventDate "2018.01.03"]
[EventType "swiss"]
[EventRounds "9"]
[EventCountry "LAO"]
[SourceTitle "CBM 182 Extra"]
[Source "ChessBase"]
[SourceDate "2018.02.23"]
[SourceVersion "1"]
[SourceVersionDate "2018.02.23"]
[SourceQuality "1"]

1. d4 Nf6 2. Bg5 e6 3. Nd2 c5 4. e3 Nc6 5. c3 b6 6. Ne4 Be7 7. Bxf6 gxf6 8. d5 f5 9. dxc6 fxe4 10. Bb5 Qc7 11. cxd7+ Bxd7 12. Bxd7+ Qxd7 13. Qxd7+ Kxd7 14. Ne2 Bd6 15. 0-0-0 Ke7 16. c4 Be5 17. Kc2 Rhg8 18. g3 Rad8 19. a3 Rxd1 20. Rxd1 Rd8 21. Rb1 Kd7 22. b4 Kc6 23. b5+ Kc7 24. a4 Rd3 25. Rb3 Rxb3 26. Kxb3 Kd6 27. Kc2 Ke7 28. Nc1 Kf6 29. Nb3 Bc7 30. Nd2 Ke5 31. Kd1 h5 32. h3 f5 33. Ke2 Kf6 34. Nb3 Kg5 35. Kf1 Kg6 36. a5 Be5 37. a6 Bd6 38. Kg2 Kg5 39. Nd2 h4 40. f3 Bxg3 41. fxe4 f4 42. Nf3+ Kf6 43. exf4 Bxf4 44. Kf2 Bg3+ 45. Ke3 Kg6 46. Nd2 Kf6 47. Nb3 Bd6 48. Nc1 Bc7 49. Nd3 Kg5 50. Kf3 Bh2 51. Nf2 Bg3 52. Ng4 Bc7 53. Nf2 Be5 54. Nd1 Bc7 55. Nb2 Be5 56. Nd3 Bc7 57. Ke3 Bb8 58. Ne1 Bf4+ 59. Kd3 Bg3 60. Ng2 Bf4 61. e5 Bxe5 62. Ke4 Bc7 63. Ne1 Bg3 64. Nd3 Kf6 65. Nc1 Bc7 66. Ne2 Be5 67. Ng1 Bc7 68. Nf3 Bg3 69. Nd2 Bc7 70. Nf1 Ke7 71. Ne3 Bg3 72. Ng4 Kd6 73. Kf3 Be5 74. Nf2 Bf6 75. Kf4 Be5+ 76. Kg4 Bd4 77. Nd3 Bf6 78. Kf4 Bd8 79. Ne5 Bg5+ 80. Ke4 Bf6 81. Nc6 Kc7 82. Nxa7 Bg7 83. Nc6 Bf6 84. Ne5 Be7 85. Ng6 Bf6 86. Nf4 1-0

[Event "Laos op"]
[Site "Vientiane"]
[Date "2018.01.04"]
[Round "3"]
[White "Portugalera, Ric"]
[Black "Bui, Vinh"]
[Result "1/2-1/2"]
[WhiteElo "2172"]
[BlackElo "2408"]
[PlyCount "109"]
[EventDate "2018.01.03"]
[EventType "swiss"]
[EventRounds "9"]
[EventCountry "LAO"]
[SourceTitle "CBM 182 Extra"]
[Source "ChessBase"]
[SourceDate "2018.02.23"]
[SourceVersion "1"]
[SourceVersionDate "2018.02.23"]
[SourceQuality "1"]

1. d4 d5 2. Nf3 Nf6 3. c4 e6 4. Nc3 Be7 5. Bf4 0-0 6. e3 a6 7. Qc2 Nc6 8. a3 Nh5 9. Bg3 Bf6 10. Be5 g6 11. Bxf6 Nxf6 12. Be2 Qd6 13. Rd1 Bd7 14. 0-0 Rad8 15. b4 Qe7 16. e4 dxe4 17. Nxe4 Bc8 18. Rfe1 Nxe4 19. Qxe4 Qf6 20. Bf1 Rd7 21. Rd2 Rfd8 22. Red1 Qg7 23. Qe3 Re7 24. Ne5 Bd7 25. b5 Nb8 26. a4 Be8 27. c5 axb5 28. axb5 f6 29. Nf3 Nd7 30. Bc4 Nf8 31. Qb3 Kh8 32. Re1 g5 33. h3 g4 34. hxg4 Qxg4 35. d5 Rg7 36. Bf1 exd5 37. Nd4 Bg6 38. Qc3 Re8 39. Rxe8 Bxe8 40. Re2 Bh5 41. Re3 Qg5 42. Rg3 Qf4 43. Rxg7 Kxg7 44. g3 Qe5 45. Bh3 Bg6 46. b6 cxb6 47. cxb6 Be4 48. Qc7+ Kg6 49. Qc5 f5 50. Qxf8 Qxd4 51. Qe8+ Kg7 52. Qe7+ Kg6 53. Qe8+ Kg5 54. Qg8+ Kh6 55. Qe6+ 1/2-1/2

[Event "VIE-ch"]
[Site "Hanoi"]
[Date "2017.04.21"]
[Round "8"]
[White "Le, Minh Hoang"]
[Black "Bui, Vinh"]
[Result "0-1"]
[WhiteElo "2211"]
[BlackElo "2414"]
[PlyCount "102"]
[EventDate "2017.04.16"]
[EventType "swiss"]
[EventRounds "11"]
[EventCountry "VIE"]
[SourceTitle "CBM 178 Extra"]
[Source "ChessBase"]
[SourceDate "2017.06.22"]
[SourceVersion "1"]
[SourceVersionDate "2017.06.22"]
[SourceQuality "1"]

1. e4 e6 2. d4 d5 3. Nc3 Bb4 4. exd5 exd5 5. Bd3 c6 6. Nge2 Ne7 7. 0-0 0-0 8. a3 Bd6 9. Bf4 Bf5 10. Bxd6 Qxd6 11. Ng3 Bg6 12. f4 Bxd3 13. Qxd3 Nd7 14. Nf5 Nxf5 15. Qxf5 Rae8 16. Rae1 Nb6 17. Qg5 Nc4 18. f5 h6 19. Qc1 Qf6 20. Ne2 Re7 21. c3 Rfe8 22. Ng3 Rxe1 23. Rxe1 Rxe1+ 24. Qxe1 Nxb2 25. Qb1 Nc4 26. Qxb7 Qg5 27. Nf1 Qc1 28. Qxa7 Qxc3 29. a4 Na5 30. Qb8+ Kh7 31. Qa7 f6 32. Qc5 Qxc5 33. dxc5 Nb3 34. Nd2 Nxc5 35. a5 Na6 36. Kf2 Kg8 37. Ke2 c5 38. Nf1 Kf7 39. Ng3 Ke7 40. Nh5 Kd6 41. Nxg7 Ke5 42. g4 d4 43. Kd3 Kd5 44. h4 c4+ 45. Ke2 d3+ 46. Kd2 Nc5 47. a6 Ne4+ 48. Ke3 Kc6 49. g5 d2 50. a7 Kb7 51. Ke2 c3 0-1

[Event "VIE-ch"]
[Site "Hanoi"]
[Date "2017.04.20"]
[Round "7"]
[White "Bui, Vinh"]
[Black "Tran, Tuan Minh"]
[Result "0-1"]
[WhiteElo "2414"]
[BlackElo "2534"]
[PlyCount "67"]
[EventDate "2017.04.16"]
[EventType "swiss"]
[EventRounds "11"]
[EventCountry "VIE"]
[SourceTitle "CBM 178 Extra"]
[Source "ChessBase"]
[SourceDate "2017.06.22"]
[SourceVersion "1"]
[SourceVersionDate "2017.06.22"]
[SourceQuality "1"]

1. d4 Nf6 2. c4 e6 3. Nf3 b6 4. a3 Ba6 5. Qa4 Be7 6. Nc3 0-0 7. Bg5 h6 8. Bh4 c5 9. Rd1 Bb7 10. e3 Bc6 11. Qc2 Bxf3 12. gxf3 cxd4 13. Rxd4 Nc6 14. Rd1 Ne5 15. Be2 Rc8 16. Qb3 Rc5 17. Bg3 Qa8 18. e4 Ng6 19. 0-0 h5 20. h3 e5 21. Rfe1 d6 22. Bf1 Qc8 23. Rd2 Qe6 24. Red1 Rd8 25. Qa4 Rc7 26. Nb5 Rcd7 27. b4 h4 28. Bh2 Nh7 29. c5 dxc5 30. Nc7 Rxc7 31. Rxd8+ Bxd8 32. Rxd8+ Nhf8 33. bxc5 Rxc5 34. Qd1 0-1

[Event "VIE-ch"]
[Site "Hanoi"]
[Date "2017.04.20"]
[Round "6"]
[White "Vo, Thanh Ninh"]
[Black "Bui, Vinh"]
[Result "1/2-1/2"]
[WhiteElo "2414"]
[BlackElo "2414"]
[PlyCount "61"]
[EventDate "2017.04.16"]
[EventType "swiss"]
[EventRounds "11"]
[EventCountry "VIE"]
[SourceTitle "CBM 178 Extra"]
[Source "ChessBase"]
[SourceDate "2017.06.22"]
[SourceVersion "1"]
[SourceVersionDate "2017.06.22"]
[SourceQuality "1"]

1. c4 Nf6 2. g3 g6 3. Bg2 Bg7 4. Nc3 0-0 5. e4 d6 6. Nge2 e5 7. d3 c6 8. 0-0 Na6 9. h3 Nc7 10. Be3 d5 11. exd5 cxd5 12. Bg5 d4 13. Ne4 Ne6 14. Bh4 h6 15. f4 exf4 16. Bxf6 Bxf6 17. Nxf6+ Qxf6 18. Nxf4 Qg5 19. Qf3 Nxf4 20. Qxf4 Bf5 21. Rad1 Rae8 22. g4 Qxf4 23. Rxf4 Bc8 24. Rd2 Rd8 25. Re2 g5 26. Rf6 Kg7 27. Ref2 Rd7 28. c5 Rc7 29. Bd5 Rxc5 30. Rxf7+ Rxf7 31. Bxf7 1/2-1/2

[Event "Ho Chi Minh City HD Bank op-A 6th"]
[Site "Ho Chi Minh City"]
[Date "2016.03.12"]
[Round "8"]
[White "Bui, Vinh"]
[Black "Vo, Thanh Ninh"]
[Result "1/2-1/2"]
[WhiteElo "2410"]
[BlackElo "2373"]
[PlyCount "198"]
[EventDate "2016.03.08"]
[EventType "swiss"]
[EventRounds "9"]
[EventCountry "VIE"]
[SourceTitle "CBM 171 Extra"]
[Source "ChessBase"]
[SourceDate "2016.04.26"]
[SourceVersion "1"]
[SourceVersionDate "2016.04.26"]
[SourceQuality "1"]

1. d4 d5 2. c4 c6 3. Nf3 Nf6 4. e3 a6 5. a4 g6 6. Nc3 Bg7 7. Qb3 0-0 8. Be2 dxc4 9. Bxc4 Ne8 10. 0-0 Nd6 11. Be2 Be6 12. Qc2 a5 13. b3 Na6 14. Ba3 Nb4 15. Qd1 Qb6 16. Rc1 Rad8 17. Nd2 c5 18. dxc5 Qxc5 19. Nb5 Qb6 20. Bxb4 axb4 21. Nxd6 Qxd6 22. Nc4 Qxd1 23. Rfxd1 Bc3 24. g3 Bxc4 25. Bxc4 b6 26. Kf1 Kg7 27. Ke2 f5 28. Be6 Rxd1 29. Rxd1 Kf6 30. Bc4 g5 31. Rd7 Rc8 32. f4 h6 33. Rd5 Rc6 34. Rb5 e6 35. h3 gxf4 36. exf4 h5 37. Kf3 Kg6 38. g4 hxg4+ 39. hxg4 fxg4+ 40. Kxg4 Rd6 41. Bxe6 Kf6 42. Bc4 Kg6 43. Kf3 Kf6 44. Kg4 Kg6 45. Kf3 Kf6 46. Ke3 Kg6 47. Bd5 Rf6 48. Be4+ Kf7 49. f5 Ke7 50. Kd3 Rd6+ 51. Bd5 Kf6 52. Ke4 Kg5 53. Be6 Rd4+ 54. Ke3 Rd6 55. Bc4 Kf6 56. Bd3 Ke7 57. Be4 Bd2+ 58. Kf3 Bc3 59. Kf4 Bd2+ 60. Kg4 Bc3 61. Bd5 Kf6 62. Kf4 Bd2+ 63. Ke4 Bc3 64. a5 bxa5 65. Rxa5 Ke7 66. Ra7+ Rd7 67. Ra2 Rd8 68. Ra7+ Rd7 69. Ra8 Rd8 70. Ra2 Rd6 71. Rh2 Bg7 72. Re2 Bc3 73. Rh2 Kf8 74. Rh7 Bg7 75. Be6 Rd4+ 76. Ke3 Rd6 77. Kf4 Rd1 78. Kf3 Rd6 79. Ke3 Bc3 80. Rb7 Rd1 81. Kf4 Ke8 82. Bf7+ Kd8 83. Bc4 Ke8 84. Be2 Rd6 85. Kg4 Kf8 86. Bc4 Ke8 87. Kh5 Rd2 88. Bf7+ Kd8 89. Be6 Ke8 90. Kg5 Rg2+ 91. Kf4 Rd2 92. Bc4 Rd6 93. Kg5 Bd2+ 94. Kh5 Bc3 95. Bf7+ Kd8 96. Be6 Rd2 97. Bc4 Rd6 98. Be2 Ke8 99. Bf3 Kf8 1/2-1/2

[Event "Ho Chi Minh City HD Bank op-A 6th"]
[Site "Ho Chi Minh City"]
[Date "2016.03.11"]
[Round "6"]
[White "Bui, Vinh"]
[Black "Le, Tuan Minh"]
[Result "0-1"]
[WhiteElo "2410"]
[BlackElo "2444"]
[PlyCount "64"]
[EventDate "2016.03.08"]
[EventType "swiss"]
[EventRounds "9"]
[EventCountry "VIE"]
[SourceTitle "CBM 171 Extra"]
[Source "ChessBase"]
[SourceDate "2016.04.26"]
[SourceVersion "1"]
[SourceVersionDate "2016.04.26"]
[SourceQuality "1"]

1. c4 c6 2. d4 d5 3. Nf3 Nf6 4. Qc2 dxc4 5. Qxc4 Bg4 6. Nbd2 Nbd7 7. g3 e6 8. Bg2 Be7 9. 0-0 0-0 10. h3 Bh5 11. e3 Qc7 12. b3 a5 13. Bb2 a4 14. e4 a3 15. Bc1 Rfc8 16. Nh4 c5 17. g4 Bg6 18. f4 Bxe4 19. Nxe4 Nxe4 20. Bxe4 Bxh4 21. g5 h6 22. Rf3 cxd4 23. Qxd4 hxg5 24. fxg5 Ra5 25. Bd2 Rc5 26. b4 Rc4 27. Qe3 Ne5 28. Rff1 Bxg5 29. Qxg5 Rxe4 30. Rac1 Qd7 31. Rxc8+ Qxc8 32. Rc1 Qxc1+ 0-1

[Event "VIE-ch Resolution 7th"]
[Site "Bac Giang"]
[Date "2014.12.09"]
[Round "4"]
[White "Nguyen, Thanh Nghia"]
[Black "Bui, Vinh"]
[Result "1/2-1/2"]
[WhiteElo "2124"]
[BlackElo "2410"]
[PlyCount "113"]
[EventDate "2014.12.05"]
[EventType "swiss"]
[EventRounds "9"]
[EventCountry "VIE"]
[SourceTitle "EXT 2016"]
[Source "ChessBase"]
[SourceDate "2015.10.08"]
[SourceVersion "1"]
[SourceVersionDate "2015.10.08"]
[SourceQuality "1"]

1. e4 c5 2. Nf3 e6 3. d4 cxd4 4. Nxd4 a6 5. c4 Nf6 6. Nc3 d6 7. Be2 Nbd7 8. Be3 b6 9. 0-0 Bb7 10. f3 Be7 11. Qd2 0-0 12. Rfd1 Rc8 13. Rac1 Re8 14. Bf1 Qc7 15. Qf2 Qb8 16. b3 Bd8 17. Bd3 Nc5 18. Bb1 Bc7 19. h3 Ncd7 20. Nde2 Ba8 21. g4 Nf8 22. g5 N6d7 23. a4 Nc5 24. Bc2 Bc6 25. Rd2 Ncd7 26. Rcd1 Ba8 27. h4 Ne5 28. h5 Bc6 29. Qg2 b5 30. axb5 axb5 31. f4 Ned7 32. cxb5 Bxb5 33. Nxb5 Qxb5 34. Nd4 Qb7 35. Nf3 Red8 36. f5 Bb6 37. Bxb6 Qxb6+ 38. Kh1 Qe3 39. Nh2 Ne5 40. Ng4 Nxg4 41. Qxg4 e5 42. g6 hxg6 43. hxg6 fxg6 44. fxg6 Rc3 45. Bd3 d5 46. exd5 Rd6 47. Rc2 Qc5 48. Bc4 Nxg6 49. Rh2 Qe3 50. Rf1 Qb6 51. Qc8+ Qd8 52. Qxd8+ Rxd8 53. d6+ Rxc4 54. bxc4 Rxd6 55. c5 Rc6 56. Rc2 Nf4 57. Re1 1/2-1/2